| 000 | 00538nam a2200133Ia 4500 | ||
|---|---|---|---|
| 008 | 171212s9999 xx 000 0 und d | ||
| 020 | _a9781760460013 | ||
| 245 |
_ceditor Steven Ratuva, ;Stephanie Lawson, _aThe People Have Spoken _bThe 2014 Elections in Fiji |
||
| 260 |
_bANU E Press _c2016 |
||
| 440 | _aPacific Series | ||
| 650 | _aElections -- Fiji; Election law -- Fiji; Fiji -- Ethnic relations -- Political aspects; Fiji -- Politics and government | ||
| 650 | _aPolitical Science | ||
| 856 | _uhttp://jstor.org/stable/j.ctt1bw1hc6 | ||
| 999 |
_c351379 _d351379 |
||